000 00319nam a22001217a 4500
020 _a0408705795
050 0 0 _aTD511
_b.T9 1973
245 2 0 _aXXIVth International Congress of pure and applied chemistry /
260 _aLondon :
_bButterworths,
_cc1974
300 _a150 p.
650 0 _bChemistry.
_xCongresses.
942 _cGEN
999 _c735
_d735